MARC

LEADER 00000nam0a2200000 4500
001 25114
005 20231030200627.0
010 |a 5763603249 
035 |a (RuTPU)RU\TPU\book\25350 
035 |a BOOK00025425 
090 |a 25114 
100 |a 20011209d2000 m y0rusy50 ca 
101 0 |a rus 
102 |a RU 
105 |a y j 000zy 
200 1 |a Основы тепломассообмена  |e учебное пособие  |f Г. П. Бойков, Ю. В. Видин, В. М. Журавлев, В. В. Колосов 
210 |a Красноярск  |c Изд-во Краснояр. ГТУ  |d 2000 
215 |a 272 с. 
225 1 |a Ресурсосбережение и экологическая безопасность 
610 1 |a тепломассообмен 
610 1 |a теплопроводность 
610 1 |a стационарный режим 
610 1 |a тепло 
610 1 |a нестационарные процессы 
610 1 |a твердые тела 
610 1 |a изотермические режимы 
610 1 |a массопроводность 
610 1 |a конвективный теплообмен 
610 1 |a лучистый теплообмен 
610 1 |a численное моделирование 
610 1 |a учебные пособия 
675 |a 621.1.016.7(075.8)  |v 3 
701 1 |a Бойков  |b Г. П. 
701 1 |a Видин  |b Ю. В. 
701 1 |a Журавлев  |b В. М. 
701 1 |a Колосов  |b В. В. 
801 0 |a RU  |b 63413507  |c 20011209  |g PSBO 
801 2 |a RU  |b 63413507  |c 20090114  |g PSBO 
942 |c BK